| 000 | 00788nam a2200217 i 4500 | ||
|---|---|---|---|
| 001 | 141160 | ||
| 003 | ES-MaACL | ||
| 005 | 20251012173956.0 | ||
| 007 | t| | ||
| 008 | 070919s1947 sp ||||1| spa d | ||
| 080 | _a341(Victoria, Francisco de) | ||
| 080 | _a34(Vitoría, Francisco de) | ||
| 100 | 1 |
_aVitoria, Francisco de. _9115517 |
|
| 245 | 1 | 0 |
_aFrancisco de Vitoria (MDXLVI-MCMXLVI) / _cCamilo Barcia Trelles, Álvaro d'Ors... ; Universidad de Santiago [Cátedra del Pensamiento Español, curso de 1946]. |
| 260 |
_a[Madrid : _bs.n.], _c1947 ( _fTalls. Carlos Jaime) |
||
| 300 |
_a336 p. ; _c20 cm. |
||
| 700 | 1 |
_aBarcia Trelles, Camilo, _d1888-1977 _925548 |
|
| 700 | 1 |
_aOrs, Álvaro d', _d1915-2004 _9139081 |
|
| 852 |
_aES-MaACL _jE-932 |
||
| 999 |
_c141160 _d141160 |
||